000
00473nam a2200157Ia 4500
008
100122s9999 xx 000 0 und d
082
_b
56398
_a
398.21
100
_a
रणसिंग ना बा
245
_a
ठाकरवाडी
260
_b
इंद्रायणी साहित्य
_c
1994
300
_a
175
630
_a
ठाकरवाडी
700
_a
रणसिंग मोहन
730
_a
ठाकरवाडी
942
_c
BOOK
999
_c
432820
_d
432817